La belle Gabrielle / (Record no. 158663)
[ view plain ]
| 000 -LEADER | |
|---|---|
| campo de control de longitud fija | 00526nam a2200157 i 4500 |
| 001 - NÚMERO DE CONTROL | |
| campo de control | 158663 |
| 003 - IDENTIFICADOR DE NÚMERO DE CONTROL | |
| campo de control | ES-MaACL |
| 005 - FECHA Y HORA DE LA ÚLTIMA TRANSACCIÓN | |
| campo de control | 20230906211248.0 |
| 008 - DATOS DE LONGITUD FIJA--INFORMACIÓN GENERAL | |
| campo de control de longitud fija | 040902q1854 fr |||| | fre d |
| 100 1# - ENTRADA PRINCIPAL--NOMBRE DE PERSONA | |
| Nombre de persona | Maquet, Auguste. |
| 9 (RLIN) | 76282 |
| 245 13 - MENCIÓN DEL TÍTULO | |
| Título | La belle Gabrielle / |
| Mención de responsabilidad, etc. | par Auguste Maquet. |
| 260 ## - PUBLICACIÓN, DISTRIBUCIÓN, ETC. | |
| Lugar de publicación, distribución, etc. | [Paris : |
| Nombre del editor, distribuidor, etc. | s.n., |
| Fecha de publicación, distribución, etc. | 1854] ( |
| Fabricante | Imp. Schiller ainé) |
| 300 ## - DESCRIPCIÓN FÍSICA | |
| Extensión | 398 p. ; |
| Dimensiones | 25 cm. |
| 596 ## - NOTA AL PIE DE IMPRENTA | |
| NOTA AL PIE DE IMPRENTA | El Catálogo Colectivo de Francia fecha la obra en 1854. |
| 852 ## - LOCALIZACIÓN | |
| Ubicación | ES-MaACL |
| Número de control de estantería | C-2610 |
| Nota libre | - Enc. hol. |
| -- | . - Legado M. de la Fuente |
| Estatus retirado | Estado de pérdida | Estado de daño | No para préstamo | Colección | Biblioteca de origen | Biblioteca actual | Ubicación en estantería | Fecha de adquisición | Fuente de adquisición | Total de préstamos | Signatura topográfica completa | Código de barras | Visto por última vez | Precio de reemplazo | Tipo de ítem Koha |
|---|---|---|---|---|---|---|---|---|---|---|---|---|---|---|---|
| Libros del s. XIX | Biblioteca del Ateneo de Madrid | Biblioteca del Ateneo de Madrid | Sala Palomar | 17/01/2008 | C-2610 | 1166071 | 23/02/2023 | 23/02/2023 | Libro impreso antiguo |
